000 00389nam a22001697a 4500
003 OSt
005 20210929113918.0
008 210929b |||||||| |||| 00| 0 eng d
020 _a0 14 620560 8
040 _cHawassa university
050 _a581/FOG
_b2
082 _a581/FOG
_b2
100 _aFogg g.e
_98017
245 _aThe growth of plants
260 _c1970
942 _2ddc
_cBOOKS
_n0
999 _c7487
_d7487